| 000 | 01106nam a2200289 a 4500 | ||
|---|---|---|---|
| 003 | BLK | ||
| 005 | 20250317151140.0 | ||
| 007 | ta | ||
| 008 | 181214b bu a|||ar|||| 00| 0 bu d | ||
| 020 | _a9786191912476 | ||
| 040 | _aBLK | ||
| 041 |
_aBUL _cBUL |
||
| 080 |
_aИздания за деца и юноши. Книжки-картинки. Читанки. Вж и 372.4 _b087.5 _z087.5 _9231478 |
||
| 084 | _aК 95 | ||
| 245 |
_aКъде е мама _bкнижка с картинки _cил. Мауризия Рубино |
||
| 257 | _aBGR | ||
| 260 |
_9209475 _aСофия _bФют _c2015 _fКитай |
||
| 300 |
_a[8] с. _bс цв. ил. _c24 см |
||
| 380 | _aDN | ||
| 500 | _aОриг. загл. Where is my mummy. - Кн. е от поредицата Горските животни. - Изработена от ламиниран картон. | ||
| 700 |
_9489000 _aРубино, Мауризия |
||
| 856 |
_i0.00 _ldisable |
||
| 942 |
_cKNG _n0 _011 |
||
| 944 |
_cКети Илиева _k30537 _lГрета Цуфелде |
||
| 999 |
_c494606 _d494606 |
||
| 999 | _d494606 | ||